Estadísticas para Ciudades catalanas

Haz click aquí para intentar la prueba.

Estadísticas generales

  • Esta prueba ha sido intentada 35 veces
  • La puntuación promedio es 9 de 16

Estadísticas de respuestas

Respuesta% Correcto
Barcelona
100%
Girona
100%
Tarragona
94%
Lleida
88%
Reus
63%
Badalona
59%
Sabadell
56%
Terrassa
56%
Manresa
53%
Mataró
47%
Figueres
44%
Vic
38%
l'Hospitalet de Llobregat
25%
Vilanova i la Geltrú
22%
Amposta
19%
Olot
16%

Distribución de puntuación

Porcentaje por número respondido

Porcentaje de gente con cada puntuación

Historial de tus puntuaciones

No has intentado esta prueba.